000 01251cam a22002891i 4500
003 SA-RiAUC
005 20250107053612.0
008 250104s1999 sy a g 000 0 ara c
040 _aSA-JeALM
_bara
_cSA-RiAUC
_erda
043 _af-ae---
082 0 4 _a257.4
090 _a257.4
_bا ب ن ح
100 1 _aابن حموش، مصطفى أحمد
_eمؤلف.
245 1 2 _aالمدينة والسلطة في الإسلام :
_bنموذج الجزائر في العهد العثماني /
_cمصطفى أحمد بن حموش.
250 _aالطبعة الاولى.
264 1 _aدمشق :
_bدار البشائر للطباعة والنشر والتوزيع،
_c1999
300 _a320 صفحة :
_bمصور ؛
_c24 سم
336 _aنص
_btxt
_2rdacontent
_3كتاب
337 _aبدون وسيط
_bn
_2rdamedia
338 _aمجلد
_bnc
_2rdacarrier
500 _aغلاف مصور وملون.
504 _aيشتمل على ببليوجرافية.
650 7 _aالنظام الإداري في الإسلام
_zالجزائر
_yالحكم العثماني، 1516-1830
_2aucsh
651 7 _aالجزائر
_xتاريخ
_yالحكم العثماني، 1516-1830
_2aucsh
942 _2ddc
_cBOOK
_n0
949 _aSA-JeALM
_d250104
_uosman123
_n1
999 _c4501
_d4501